| 000 | 00844nac a22002291u 4500 | ||
|---|---|---|---|
| 008 | 100111t xxu||||| |||| 00| 0 eng d | ||
| 010 | _a 2004042322 | ||
| 020 | _a9780071285612 | ||
| 020 | _a007128561X | ||
| 082 | 0 | 0 |
_a658 _bJON |
| 100 |
_aJones, Gareth R. _910265 |
||
| 245 | 1 | 0 |
_aContemporary management / _cGareth R. Jones, Jennifer M. George. |
| 250 |
_a5th ed. _bMcGraw-Hill International ed. |
||
| 260 |
_aBoston : _aNew York : _bMcGraw-Hill/Irwin,2008. _c2008. |
||
| 300 |
_a805 p. : _bcol. ill. ; _c27 cm. |
||
| 500 | _aIncludes Index. | ||
| 504 | _aIncludes bibliographical references and indexes. | ||
| 650 | 0 |
_aManagement. _910266 |
|
| 700 | 1 |
_aGeorge, Jennifer M. _910267 |
|
| 942 |
_cBB _k658JON _2ddc |
||
| 999 |
_c13113 _d13113 |
||